000 00431nam a22001697a 4500
003 OSt
005 20160511154351.0
008 160511b xxu||||| |||| 00| 0 eng d
020 _a0131865595
040 _aSEKU
050 _aQA154.3
_b.B58 2006
100 _aBlitzer, Robert
245 _aEssentials of intermediate algebra for college students
300 _a650p.:
500 _aincludes table of contents
942 _2lcc
_cGEN
999 _c13795
_d13795